| 000 | 00650nam a2200181Ia 4500 | ||
|---|---|---|---|
| 008 | 100920s9999 xx 000 0 und d | ||
| 082 |
_b74934 _a320 थ 78 |
||
| 100 | _aअनु. वाळिंबे वि. स./ठाकूर जनार्दन | ||
| 245 | _aहे नेते जनता चे. | ||
| 260 |
_bउत्कर्ष प्रकाशन, पुणे 4. _c1978 |
||
| 300 |
_a219 _bसाधी |
||
| 365 | _b50 | ||
| 520 | _aराजकारण. | ||
| 630 | _aहे नेते जनता चे. | ||
| 650 | _aराजकारण. | ||
| 730 | _aहे नेते जनता चे. | ||
| 942 | _cBOOK | ||
| 999 |
_c716488 _d716485 |
||